Droit doctrinal et jurisprudentiel sur le droit d'asile

Detalles Bibliográficos
Autor principal: Schadrack, Ruyenzi
Formato: eBook
Publicado: Pars̕: Éditions Universitaires Europěnes, 2019
Materias:
Acceso en línea:Acceso restringido

MARC

LEADER 00000nam a22000007a 4500
005 20190930212241.0
007 cr|||| ||||
008 190930s2019 fr |||||s|||| 00||0 fra d
020 |a 9786138433347 
035 |a 25144 
040 |a vLex 
090 |c 9664  |d 9664 
100 1 |a Schadrack, Ruyenzi 
245 1 0 |a Droit doctrinal et jurisprudentiel sur le droit d'asile  |h [Recurso electrn̤ico] /  |c Ruyenzi Schadrack 
256 |a Servicio en ln̕ea 
260 |a Pars̕:  |b Éditions Universitaires Europěnes,  |c 2019 
300 |a 1 recurso electrn̤ico 
500 |a Le droit d’asile permet de protǧer toute personne victime de persčution dans son pays d’origine. L'asile ťant un lieu o ̮une personne se sentant menacě peut se mettre en sčurit,̌ le droit d'asile renvoie au fait que dans les diffřentes civilisations les sociťš ont reconnu un droit ̉chaque t̊re humain de trouver refuge face ̉des menaces et des poursuites. Ainsi la dčlaration universelle des droits de l'homme ňonce dans son article 14 : toute personne a le droit de chercher asile et de bňf̌icier de l’asile en d’autres pays. La convention de Genv̈e de 1951 a donn ̌ ̉cette protection une traduction en droit international public.Aprs̈ la Seconde Guerre mondiale, le sort de millions de dp̌lacš et d’apatrides devient un enjeu planťaire. Le droit d’asile est un droit de l’homme fondamental reconnu par la Dčlaration universelle des Droits de l’homme de 1948 (art.14), la Charte des droits fondamentaux de l’Union europěnne (2000) et la Convention de Genv̈e du 7 juillet 1951. le droit d'asile repose sur un devoir de protection des personnes menacěs dans leur pays.La pierre angulaire du droit des rf̌ugiš est le principe de non-refoulement. 
506 1 |a Disponible solo en los productos indicados  |d vLex Global  |d vLex Global (Academic Edition, excluding Law Schools)  |d vLex Global (U.S. Academic Edition, Law Schools)  |d vLex Global (U.S. Academic Edition, excluding Law Schools)  |d vLex Global (Academic Edition, Law Schools) 
650 0 4 |a Derecho Pb︢lico y Administrativo  |z Francia 
740 0 |a vLex Libros (Servicio en ln̕ea) 
856 4 0 |u http://vlex.com/source/25144  |z Acceso restringido 
942 |c BOOK 
999 0 |a Public and Administrative Law